Around the world in eighty days / (Record no. 115001)
[ view plain ]
| 000 -LEADER | |
|---|---|
| fixed length control field | 00484nam a2200157 a 4500 |
| 001 - CONTROL NUMBER | |
| control field | 4147 |
| 005 - DATE AND TIME OF LATEST TRANSACTION | |
| control field | 20140414132119.0 |
| 008 - FIXED-LENGTH DATA ELEMENTS--GENERAL INFORMATION | |
| fixed length control field | 090331s19uu xx 00 eng d |
| 020 ## - INTERNATIONAL STANDARD BOOK NUMBER | |
| International Standard Book Number | |
| 050 ## - LIBRARY OF CONGRESS CALL NUMBER | |
| Classification number | M 808.308 |
| Item number | V59 1993 |
| 100 ## - MAIN ENTRY--PERSONAL NAME | |
| Personal name | Verne, Jules, 1828-1905. |
| 245 ## - TITLE STATEMENT | |
| Title | Around the world in eighty days / |
| Statement of responsibility, etc | Jules Verne ; translated by George M. Towle ; illustrated by Tudor Banus. |
| 260 ## - PUBLICATION, DISTRIBUTION, ETC. (IMPRINT) | |
| Name of publisher, distributor, etc | Twin books, |
| Date of publication, distribution, etc | 1993. |
| 650 ## - SUBJECT ADDED ENTRY--TOPICAL TERM | |
| Topical term or geographic name as entry element | Voyages around the world |
| General subdivision | Fiction. |
| Withdrawn status | Lost status | Damaged status | Home library | Current library | Shelving location | Date acquired | Source of acquisition | Total Checkouts | Full call number | Barcode | Date last seen | Price effective from | Koha item type |
|---|---|---|---|---|---|---|---|---|---|---|---|---|---|
| Munich Library | Munich Library | Main Section | 11/22/2011 | M 808.308 V59 1993 | M6952 | 04/14/2014 | 04/14/2014 | Books |